Statistiques concernant Les pays où les restaurants sont les plus étoilés

Cliquez ici pour prendre le quiz!

Statistiques générales

  • Ce quiz a été pris 371 fois
  • Le résultat moyen est 8 sur 8

Statistiques - réponses

Nombres étoilesPays% Correct
27France
100%
15États-Unis
96%
11Espagne
95%
10Italie
95%
11Chine
92%
25Japon
92%
10Allemagne
91%
5Royaume-Uni
90%

Distribution des résultats

Percentile par nombre de réponses

% des personnes avec chaque résultat

Votre développement - résultats

Vous n’avez pas pris ce quiz